00269nam a2200109Ia 4500008004100000100001500041245003900056260002600095260000900121546001200130999001700142170619s9999 xx 000 0 und d aVij- Madhu 0aInternational financial management bNew Delhi Excel Books c2004 aENGLISH c22068d22068